| Tag |
First Indicator |
Second Indicator |
Subfields |
| LEADER |
00000cam a2200000 4500 |
| 001 |
in00000054085 |
| 005 |
20151008051423.0 |
| 008 |
720918s1961 lau b 00000 eng u |
| 010 |
|
|
|a 61007543
|
| 035 |
|
|
|a (OCoLC)00408386
|
| 035 |
|
|
|9 AAG7773AM
|
| 040 |
|
|
|c MRC
|d TXA
|d UtOrBLW
|
| 049 |
|
|
|a TXAM
|c [343058]
|
| 050 |
|
0 |
|a KD40
|b .R52
|
| 092 |
|
|
|a 351.95
|b R526h
|
| 100 |
1 |
|
|a Richardson, W. C.
|q (Walter Cecil),
|d 1902-1983.
|
| 245 |
1 |
0 |
|a History of the Court of Augmentations, 1536-1554.
|
| 264 |
|
1 |
|a Baton Rouge :
|b Louisiana State University Press,
|c [1961]
|
| 300 |
|
|
|a xvi, 542 pages :
|b illustrations
|
| 336 |
|
|
|a text
|b txt
|2 rdacontent
|
| 337 |
|
|
|a unmediated
|b n
|2 rdamedia
|
| 338 |
|
|
|a volume
|b nc
|2 rdacarrier
|
| 504 |
|
|
|a Bibliography: pages 496-508.
|
| 610 |
1 |
0 |
|a England and Wales.
|b Court of Augmentations.
|
| 999 |
|
|
|a MARS
|
| 999 |
f |
f |
|s c4d323e0-4f31-3d5d-abd8-e1b6bf6898e8
|i 1386ba39-81e6-3c82-b1bc-5d15c81ff173
|t 0
|
| 952 |
f |
f |
|p ric
|a Texas A&M University
|b Rellis Campus
|c Joint Library Facility
|d Remote Storage
|t 0
|e KD40 .R52
|h Library of Congress classification
|i unmediated -- volume
|m A14800795513
|
| 998 |
f |
f |
|a KD40 .R52
|t 0
|l Remote Storage
|